[Event "Budapest-chT1 Lilienthal 1011"]
[Site "Budapest"]
[Date "2010.09.19"]
[Round "1"]
[White "Nadassy, Attila"]
[Black "Martin, Bela"]
[Result "0-1"]
[WhiteElo "2024"]
[BlackElo "2059"]
[PlyCount "158"]
[EventDate "2010.09.19"]
[EventType "team-tourn"]
[EventRounds "11"]
[EventCountry "HUN"]
[SourceTitle "EXT 2020"]
[Source "ChessBase"]
[SourceDate "2019.10.17"]
[SourceVersion "1"]
[SourceVersionDate "2019.10.17"]
[SourceQuality "1"]
[WhiteTeam "Penzugyor III"]
[BlackTeam "Barcza GSC"]
[WhiteTeamCountry "HUN"]
[BlackTeamCountry "HUN"]

1. d4 d5 2. e3 Nf6 3. Nf3 c5 4. c3 Nc6 5. dxc5 a5 6. Bb5 Qc7 7. Qd4 Bd7 8. Bxc6 Bxc6 9. 0-0 e6 10. b4 Be7 11. Bb2 0-0 12. Nbd2 Ne4 13. Qd3 b6 14. cxb6 Qxb6 15. a3 Bb5 16. c4 Nxd2 17. Nxd2 dxc4 18. bxa5 Qa6 19. Qc2 c3 20. Bxc3 Bxf1 21. Nxf1 Rfc8 22. Qd2 Rxc3 23. Qxc3 Bf6 24. Qe1 Bxa1 25. Qxa1 Qxa5 26. g3 Qxa3 27. Qd4 h6 28. h4 Qa4 29. Qd3 Rc8 30. Qb1 Qc2 31. Qb7 Rc7 32. Qa8+ Kh7 33. Qf3 Rd7 34. Kg2 Qg6 35. Nh2 Rd5 36. Qf4 Rf5 37. Qc4 Rd5 38. Qf4 e5 39. Qf3 e4 40. Qf4 Rf5 41. Qc7 h5 42. Qc2 Ra5 43. Qd2 Ra3 44. Qb4 Ra2 45. Qb3 Rd2 46. Qb4 Rd6 47. Nf1 Re6 48. Nh2 Qf5 49. Qb7 Rf6 50. Qb2 Rd6 51. Qc2 Rd3 52. Qb2 Qd5 53. Qe2 Rd2 54. Qf1 Qd3 55. Qe1 Qc2 56. g4 Re2 57. Qf1 g6 58. gxh5 gxh5 59. Kg1 Qd2 60. Qg2 Re1+ 61. Nf1 Qd3 62. Qh3 Kh6 63. Qg2 f6 64. Qh3 Qe2 65. Qg2 Qd1 66. Qh3 Qf3 67. Qg2 Qe2 68. Qh3 Qg4+ 69. Qxg4 hxg4 70. Kg2 Rxf1 71. Kxf1 Kh5 72. Kg2 Kxh4 73. Kh2 g3+ 74. fxg3+ Kg4 75. Kg2 f5 76. Kf2 Kh3 77. g4 fxg4 78. Kg1 Kg3 79. Kh1 Kf2 0-1

[Event "HUN-chT2 Maroczy 0910"]
[Site "Hungary"]
[Date "2009.12.20"]
[Round "4"]
[White "Nadassy, Attila"]
[Black "Runda, Mate Bence"]
[Result "1-0"]
[WhiteElo "2073"]
[BlackElo "1830"]
[PlyCount "33"]
[EventDate "2009.11.08"]
[EventType "team-tourn"]
[EventRounds "11"]
[EventCountry "HUN"]
[SourceTitle "EXT 2011"]
[Source "ChessBase"]
[SourceDate "2010.11.26"]
[SourceVersion "1"]
[SourceVersionDate "2010.11.26"]
[SourceQuality "1"]
[WhiteTeam "Penzugyor II"]
[BlackTeam "Miskolc EMSE"]
[WhiteTeamCountry "HUN"]
[BlackTeamCountry "HUN"]

1. d4 e6 2. e3 d5 3. Nd2 Nf6 4. Bd3 b6 5. Ngf3 Nbd7 6. Ne5 Nxe5 7. dxe5 Nd7 8. f4 Bb7 9. c3 c5 10. 0-0 Be7 11. b3 Rc8 12. Bb2 Nb8 13. f5 Ba6 14. Bxa6 Nxa6 15. fxe6 fxe6 16. Qg4 Kd7 17. Qa4+ 1-0

[Event "HUN-chT2 Breyer 0708"]
[Site "Hungary"]
[Date "2008.03.30"]
[Round "9"]
[White "Nadassy, Attila"]
[Black "Szobi, Geza Jr"]
[Result "0-1"]
[WhiteElo "2064"]
[BlackElo "2167"]
[PlyCount "58"]
[EventDate "2007.10.14"]
[EventType "team"]
[EventRounds "11"]
[EventCountry "HUN"]
[SourceTitle "EXT 2009"]
[Source "ChessBase"]
[SourceDate "2008.11.26"]
[SourceVersion "1"]
[SourceVersionDate "2008.11.26"]
[SourceQuality "1"]
[WhiteTeam "Penzugyor II"]
[BlackTeam "Geniusz Tata"]
[WhiteTeamCountry "HUN"]
[BlackTeamCountry "HUN"]

1. d4 g6 2. Nc3 Bg7 3. Nf3 d6 4. g3 Nf6 5. Bg2 0-0 6. 0-0 Nbd7 7. Bf4 c5 8. d5 b5 9. a3 Bb7 10. Ne1 Qb6 11. Qd2 Rfb8 12. Ra2 a5 13. Bf3 b4 14. Na4 Qb5 15. b3 c4 16. e4 cxb3 17. cxb3 Ba6 18. Be2 Qxe2 19. Qxe2 Bxe2 20. Rxe2 bxa3 21. Re3 Rc8 22. Re2 Rab8 23. Ra2 Rxb3 24. Bd2 Nxe4 25. Bxa5 Rc4 26. Bd8 Rxa4 27. Nc2 Nc3 28. Rxa3 Rbxa3 29. Nxa3 Rxa3 0-1

[Event "HUN-chT2 Breyer 0708"]
[Site "Hungary"]
[Date "2008.03.16"]
[Round "8"]
[White "Binder, Tamas"]
[Black "Nadassy, Attila"]
[Result "1-0"]
[WhiteElo "2302"]
[BlackElo "2064"]
[PlyCount "105"]
[EventDate "2007.10.14"]
[EventType "team"]
[EventRounds "11"]
[EventCountry "HUN"]
[SourceTitle "EXT 2009"]
[Source "ChessBase"]
[SourceDate "2008.11.26"]
[SourceVersion "1"]
[SourceVersionDate "2008.11.26"]
[SourceQuality "1"]
[WhiteTeam "Hobagoly"]
[BlackTeam "Penzugyor II"]
[WhiteTeamCountry "HUN"]
[BlackTeamCountry "HUN"]

1. d4 d5 2. c4 c6 3. cxd5 cxd5 4. Nc3 Nf6 5. Nf3 Nc6 6. e3 e6 7. Bd3 Be7 8. 0-0 0-0 9. a3 a6 10. b4 b5 11. Nd2 e5 12. Nb3 e4 13. Be2 Qd6 14. Bd2 Bd8 15. f3 Bc7 16. f4 Nd7 17. Bxb5 Nb6 18. Be2 g5 19. g3 gxf4 20. Rxf4 Qg6 21. Rf2 Bh3 22. Bf1 Bg4 23. Qe1 h5 24. Ne2 h4 25. Nf4 Qg5 26. gxh4 Qf5 27. Be2 Kh8 28. Bxg4 Qxg4+ 29. Rg2 Qf5 30. Ne2 Rg8 31. Ng3 Qh3 32. Qe2 Rg4 33. Be1 Qxh4 34. Nd2 Rag8 35. Rc1 R8g6 36. a4 Nxa4 37. Qxa6 Bxg3 38. Bxg3 Rxg3 39. hxg3 Rxg3 40. Qc8+ Nd8 41. Qf5 Rxg2+ 42. Kxg2 Kg7 43. Qe5+ Kg6 44. Qg3+ Qxg3+ 45. Kxg3 Kf6 46. b5 Ke6 47. Nb3 Kd6 48. Nc5 Nb6 49. Kf4 Na8 50. Kf5 Nb6 51. Nb7+ Kd7 52. Nxd8 Kxd8 53. Rc5 1-0

[Event "HUN-chT2 Breyer 0708"]
[Site "Hungary"]
[Date "2007.11.25"]
[Round "3"]
[White "Nadassy, Attila"]
[Black "Poor, Istvan"]
[Result "0-1"]
[WhiteElo "2064"]
[BlackElo "2264"]
[PlyCount "92"]
[EventDate "2007.10.14"]
[EventType "team"]
[EventRounds "11"]
[EventCountry "HUN"]
[SourceTitle "EXT 2009"]
[Source "ChessBase"]
[SourceDate "2008.11.26"]
[SourceVersion "1"]
[SourceVersionDate "2008.11.26"]
[SourceQuality "1"]
[WhiteTeam "Penzugyor II"]
[BlackTeam "Honved II"]
[WhiteTeamCountry "HUN"]
[BlackTeamCountry "HUN"]

1. d4 g6 2. Nc3 Bg7 3. Bf4 Nf6 4. Qd2 d5 5. f3 Nc6 6. 0-0-0 0-0 7. Bh6 Na5 8. g4 Nc4 9. Qg5 c5 10. e3 b5 11. Bxg7 Kxg7 12. Bxc4 bxc4 13. Qe5 Kg8 14. g5 Nd7 15. Qxd5 Rb8 16. dxc5 Qa5 17. Qxc4 Rb4 18. Qd5 Nxc5 19. Ne4 Rb5 20. Nxc5 Rxc5 21. Qb3 Be6 22. Qa3 Qc7 23. Rd2 Rc8 24. Qd3 Bxa2 25. Ne2 Bc4 26. Qe4 Bd5 27. Qd3 Ra5 28. Nc3 Bc4 29. Qe4 Ra1+ 30. Nb1 Ba2 31. c3 Qb6 32. Kc2 Qb3+ 33. Kd3 Rd8+ 34. Ke2 Qb5+ 35. c4 Bxc4+ 36. Kf2 Rxd2+ 37. Nxd2 Rxh1 38. Nxc4 Qxg5 39. Ke2 Rxh2+ 40. Kd3 Qf5 41. Qxf5 gxf5 42. b4 h5 43. e4 h4 44. exf5 h3 45. Ne3 Rh1 46. Ke2 h2 0-1

[Event "HUN-chT2 Breyer 0607"]
[Site "Hungary"]
[Date "2007.04.29"]
[Round "9"]
[White "Fenyes, Gabor"]
[Black "Nadassy, Attila"]
[Result "1/2-1/2"]
[WhiteElo "2022"]
[BlackElo "2137"]
[PlyCount "154"]
[EventDate "2006.11.12"]
[EventType "team"]
[EventRounds "11"]
[EventCountry "HUN"]
[SourceTitle "EXT 2008"]
[Source "ChessBase"]
[SourceDate "2007.11.25"]
[SourceVersion "1"]
[SourceVersionDate "2007.11.25"]
[SourceQuality "1"]
[WhiteTeam "Szentendre"]
[BlackTeam "Penzugyor II"]
[WhiteTeamCountry "HUN"]
[BlackTeamCountry "HUN"]

1. e4 d5 2. exd5 Qxd5 3. c4 Qe4+ 4. Qe2 Qxe2+ 5. Bxe2 Nf6 6. Nc3 c6 7. d4 g6 8. Nf3 Bg7 9. 0-0 0-0 10. Re1 Re8 11. Bd3 Na6 12. a3 Nc7 13. Bf4 Ne6 14. Be5 Bd7 15. Rad1 Rad8 16. Bc2 Bc8 17. Bb8 a6 18. Ba7 Nd7 19. Rxe6 fxe6 20. Na4 e5 21. d5 cxd5 22. cxd5 b5 23. Nc3 Nf8 24. Bb3 h6 25. Bb6 Rd7 26. Ne4 Rb7 27. Ba5 Kh7 28. d6 Be6 29. Bxe6 Nxe6 30. d7 Rd8 31. Bxd8 Nxd8 32. Nc5 Rb6 33. b4 Kg8 34. Re1 Rd6 35. Kf1 Rd5 36. Re3 Kf7 37. Ke2 a5 38. Rd3 Rxd3 39. Kxd3 axb4 40. axb4 e6 41. Ke4 Ke7 42. Nh4 Kf7 43. Nd3 Nc6 44. Nf3 Ke7 45. Nfxe5 Bxe5 46. Nxe5 Nxb4 47. Kd4 Na6 48. h4 Nb8 49. Nxg6+ Kxd7 50. Kc5 Ke8 51. Kxb5 Nd7 52. Kc6 Nf6 53. f3 Kf7 54. Ne5+ Ke7 55. Kc5 Ne8 56. Kd4 Ng7 57. g4 Ne8 58. f4 Ng7 59. Ke4 h5 60. g5 Nf5 61. Nf3 Nd6+ 62. Ke5 Nf7+ 63. Kd4 Nd6 64. Ke3 Nf5+ 65. Kf2 Ng7 66. Nd4 Kd6 67. Ke3 Kd5 68. Nf3 Nf5+ 69. Kd3 Ne7 70. Ne5 Nf5 71. g6 Kd6 72. Nf3 Ke7 73. Ke4 Kf6 74. Nd4 Ng7 75. Nf3 Kxg6 76. Ke5 Kf7 77. Nd4 Ke7 1/2-1/2

[Event "HUN-chT2 Breyer 0607"]
[Site "Hungary"]
[Date "2007.03.04"]
[Round "6"]
[White "Nadassy, Attila"]
[Black "Orosz, Andras"]
[Result "1-0"]
[WhiteElo "2137"]
[BlackElo "2260"]
[PlyCount "65"]
[EventDate "2006.11.12"]
[EventType "team"]
[EventRounds "11"]
[EventCountry "HUN"]
[SourceTitle "EXT 2008"]
[Source "ChessBase"]
[SourceDate "2007.11.25"]
[SourceVersion "1"]
[SourceVersionDate "2007.11.25"]
[SourceQuality "1"]
[WhiteTeam "Penzugyor II"]
[BlackTeam "BEAC Rufusz II"]
[WhiteTeamCountry "HUN"]
[BlackTeamCountry "HUN"]

1. d4 d5 2. Nc3 Bf5 3. Bf4 e6 4. e3 Nf6 5. Bd3 Ne4 6. Bxe4 dxe4 7. Nge2 g5 8. Be5 f6 9. Bg3 Bg7 10. d5 e5 11. f3 exf3 12. gxf3 g4 13. fxg4 Bxg4 14. Qd3 Qd7 15. 0-0-0 Na6 16. Qc4 0-0-0 17. Rhg1 Bh6 18. Bf2 f5 19. Kb1 e4 20. Rd2 Bf8 21. Nf4 Bd6 22. Ne6 Bxh2 23. Rxg4 fxg4 24. Bh4 Rdg8 25. Rxh2 g3 26. Rg2 Rg4 27. Bg5 Rg8 28. Nxe4 h5 29. Rxg3 Rxg3 30. Nxg3 Qd6 31. Nf5 Qd7 32. e4 Re8 33. a3 1-0

[Event "HUN-chT2 Breyer 0607"]
[Site "Hungary"]
[Date "2006.11.26"]
[Round "2"]
[White "Bereczki, Janos"]
[Black "Nadassy, Attila"]
[Result "1-0"]
[WhiteElo "2174"]
[BlackElo "2137"]
[PlyCount "101"]
[EventDate "2006.11.12"]
[EventType "team"]
[EventRounds "11"]
[EventCountry "HUN"]
[SourceTitle "EXT 2008"]
[Source "ChessBase"]
[SourceDate "2007.11.25"]
[SourceVersion "1"]
[SourceVersionDate "2007.11.25"]
[SourceQuality "1"]
[WhiteTeam "Esztergom"]
[BlackTeam "Penzugyor II"]
[WhiteTeamCountry "HUN"]
[BlackTeamCountry "HUN"]

1. d4 Nf6 2. c4 d6 3. Nf3 c6 4. g3 Qc7 5. Nc3 Bf5 6. Bg2 e5 7. Qb3 Nbd7 8. 0-0 h6 9. Re1 Be7 10. e4 Bh7 11. Bh3 0-0 12. d5 Nc5 13. Qc2 Ncxe4 14. Nxe4 Nxe4 15. Qd1 cxd5 16. cxd5 Nf6 17. Nh4 Qc4 18. Nf5 Rfe8 19. Ne3 Qb5 20. a4 Qd3 21. Ra3 Qxd1 22. Rxd1 Ne4 23. Bd2 Bg5 24. Bb4 a5 25. Be1 Bxe3 26. fxe3 b6 27. Bd7 Re7 28. Bc6 Rb8 29. b4 Ra7 30. Rb3 axb4 31. Bxb4 Nc5 32. Bxc5 dxc5 33. Rc1 Ra5 34. d6 Kf8 35. e4 f6 36. Rcb1 Ra6 37. Rc1 Ra5 38. Rcb1 Ra6 39. Rc1 Bg8 40. Rb2 Ra5 41. Rd1 Ra6 42. a5 Rxa5 43. Rxb6 Rd8 44. Rdb1 Rxd6 45. Rb8+ Kf7 46. Bd5+ Rxd5 47. exd5 Bh7 48. R1b7+ Kg6 49. d6 Kh5 50. d7 Ra1+ 51. Kf2 1-0

[Event "Budapest FS09 FM-A"]
[Site "Budapest"]
[Date "2006.09.07"]
[Round "6"]
[White "Nadassy, Attila"]
[Black "Jensen, Leif Haugaard"]
[Result "1-0"]
[WhiteElo "2137"]
[BlackElo "2087"]
[PlyCount "103"]
[EventDate "2006.09.02"]
[EventType "tourn"]
[EventRounds "9"]
[EventCountry "HUN"]
[SourceTitle "CBM 114 Extra"]
[Source "ChessBase"]
[SourceDate "2006.11.03"]
[SourceVersion "1"]
[SourceVersionDate "2006.11.03"]
[SourceQuality "1"]

1. d4 d5 2. Nc3 c6 3. Bf4 Bf5 4. e3 e6 5. Bd3 Bg6 6. Nf3 Nf6 7. h3 Bd6 8. Ne5 Qc7 9. Nxg6 hxg6 10. Bxd6 Qxd6 11. Qf3 Nbd7 12. 0-0-0 0-0-0 13. Bf1 Qc7 14. Kb1 e5 15. dxe5 Nxe5 16. Qf4 Neg4 17. Qf3 Ne5 18. Qe2 g5 19. g3 g4 20. Bg2 Qd7 21. h4 Qe7 22. Rd4 Rhe8 23. Rhd1 Nc4 24. b3 Nb6 25. Kb2 c5 26. R4d2 Qe5 27. Qb5 c4 28. Rd4 cxb3 29. axb3 Re6 30. Kb1 Red6 31. e4 Nc4 32. Qc5+ Rc6 33. Qxa7 Ra6 34. Qc5+ Rc6 35. Qb4 Rb6 36. Rxc4+ dxc4 37. Rxd8+ Kc7 38. Qf8 Qxc3 39. Rc8+ Kd7 40. Qd8+ Ke6 41. Qxb6+ Ke7 42. Qxb7+ Nd7 43. Rxc4 Qe1+ 44. Kb2 Qxf2 45. e5 f6 46. exf6+ Qxf6+ 47. Kb1 g5 48. Re4+ Kd8 49. Qa8+ Kc7 50. Rc4+ Kb6 51. Qb7+ Ka5 52. Ra4# 1-0